Os vizinhos da casa azul (Registo nº 3675)

Detalhes MARC
000 -Etiqueta do registo
Cabeçalho 00779nam0a2200253 4500
005 - Identificador da versão
Campo de controlo 20240813122039.0
010 ## - Número internacional normalizado dos livros (ISBN)
Número (ISBN) 9727122833
021 ## - Número do Depósito Legal
Código do país PT
Número 192086/03
100 ## - Dados gerais de processamento
Dados gerais de processamento 20190625d2003 c y0pory5003 ba
102 ## - Pais de publicação ou produção
País de publicação Portugal
101 0# - Língua de publicação
Língua do texto, banda sonora, etc. Português
215 ## - Descrição física 
Indicação específica da natureza do documento e extensão da espécie [28] p.
Outras indicações físicas il. color
200 1# - Titulo e menção de responsabilidade
Título próprio Os vizinhos da casa azul
Primeira menção de responsabilidade Vera do Vale, Francisca Oliveira
Outras menções de responsabilidade il. João Tavares
210 ## - Publicação, Distribuição, etc. 
Lugar da edição, distribuição, etc. Milheirós
Nome do editor, distribuidor, etc. Ed. Nova Gaia
Data da publicação, distribuição, etc. cop. 2003
606 ## - Nome comum usado como assunto
Número de registo de entrada de autoridade 0001335
Palavra de ordem Literatura portuguesa
Subdivisão de assunto Conto
Código do sistema CA
675 ## - Classificação Decimal Universal (CDU)
Notação 821.134.3-34
Edição 3ª ed.
Língua da edição por
702 #1 - Nome de autor-pessoa física (responsabilidade secundária)
Número de registo de entrada de autoridade 0000030
Palavra de ordem Tavares
Outra parte do nome não tomada para palavra de ordem João
Código de função Ilustrador / Técnico de desenho computorizado
701 #1 - Nome de autor-pessoa física (co-responsabilidade principal)
Palavra de ordem Oliveira
Outra parte do nome não tomada para palavra de ordem Francisca Cardoso
Elementos de identificação ou distinção e outro
700 #1 - Nome de autor-pessoa física (responsabilidade principal)
Número de registo de entrada de autoridade 0002165
Palavra de ordem Vale
Outra parte do nome não tomada para palavra de ordem Vera Maria do
Elementos de identificação ou distinção e outro
966 ## - Identificação da Biblioteca
Sigla EBVEN
942 ## - Elementos de entrada adicionados (Koha)
Tipo de item no Koha Livro
Exemplares
Situação do levantamento Origin of item (home branch) (coded) Biblioteca de empréstimo Código de barras Cota Circulation type (not for loan) Tipo de documento Nota do exemplar Damaged status
  Biblioteca Escolar das Vendas Biblioteca Escolar das Vendas BEV908 8 POR VAL   Livro Sem mensagem